Akonáhle

Bibliographic Details
Format: Article
Language:Slovak
Subjects:

MARC

LEADER 00000nab a2200000 a 4500
001 vtls009165340
003 SK-MaSNL
005 20260303191028.0
008 140513c1950 xo |||||| | ||00 b|slo
015 |a SNBRB2007/12  |2 snkbucl 
038 |a SNKBUCL 
040 |a SNKBUCL  |b slo  |c SNKBUCL  |e AACR2 
041 0 |a slo 
044 |a xo  |c SK 
080 |a 811.162.4`373  |2 1997 
080 |a 81`373:811.162.4  |2 1997 
080 |a 811.162.4`367.634  |2 1997 
080 |a 81`367.634:811.162.4  |2 1997 
245 0 0 |a Akonáhle  |c [autor] -r 
650 0 7 |a slovenčina  |2 SNKPH  |9 1350 
650 0 7 |a slovná zásoba  |2 SNKPH  |9 66837 
650 0 7 |a spojky (lingvistika)  |2 SNKPH  |9 1508 
650 0 7 |a akonáhle (lexéma)  |2 SNK  |9 1219995 
773 0 |t Slovenská reč  |g Roč. XVI, č. 4 (1950/1951), s. 127-128 
852 |a SNK  |b KIS3GCP 
999 |c 2139139  |d 2141069